| 000 | 01318nam0a2200349 4500 | ||
|---|---|---|---|
| 001 | RU\NLR\bibl\78889 | ||
| 005 | 20250616103054.0 | ||
| 010 |
_a5-02-003914-4 _91000 |
||
| 021 |
_aRU _b2000-914 _950 |
||
| 035 | _a(NLR Aleph) 000077016 | ||
| 090 |
_a427325 _c427325 |
||
| 100 | _a20000405d1999 |||y0rusy50 ca | ||
| 101 | 0 |
_arus _deng _erus _eeng |
|
| 102 | _aRU | ||
| 105 | _aa ||||||||| | ||
| 200 | 1 |
_aОсновы гляциологии _fК.Ф.Войтковский _gРос. акад. наук. Сиб. отд-ние, Ин-т мерзлотоведения им. П.И.Мельникова, МГУ им. М.В.Ломоносова. Геогр. фак. |
|
| 210 |
_aМ. _cНаука _d1999 |
||
| 215 |
_a254,[1] с. _cил., карт. _d21 |
||
| 300 | _aНа тит.л.: Рос. акад. наук 275 лет | ||
| 300 | _aРез. на англ. яз. | ||
| 320 | _aБиблиогр.: с.239-243 | ||
| 320 | _aПредм. указ.: с.244-246 | ||
| 606 | 0 |
_aГляциология _9941601 _3RU\NLR\auth\6629825 |
|
| 686 | _aД228 | ||
| 700 | 1 |
_aВойтковский _bК. Ф. _gКирилл Фабианович _4070 |
|
| 801 | 0 |
_aRU _bNLR _c20000405 _gPSBO |
|
| 801 | 1 |
_aRU _bNLR _c20000405 |
|
| 830 | _aавт. по кн. | ||
| 852 |
_aNLR _j2000-5/194 |
||
| 942 | _cBOOK | ||
| 980 | _aNB | ||